000 01450cam a2200325 a 4500
999 _c6973
_d6973
001 13697397
003 OSt
005 20210601132307.0
008 040825s2006 enkb b 001 0 eng
010 _a 2004020220
020 _a0195181557 ( alk. paper)
040 _aDLC
_cDLC
_dDLC
043 _an-cn---
_an-us---
050 0 0 _aQL596.C56
_bP429 2006
082 0 0 _a595.76PEA 2006
100 1 _aPearson, David L.,
_d1943-
_914309
245 1 2 _aA field guide to the tiger beetles of the United States and Canada :
_bidentification, natural history, and distribution of the Cicindelidae /
_cDavid L. Pearson, C. Barry Knisley, Charles J. Kazilek.
260 _aOxford ;
_aNew York :
_bOxford University Press,
_c2006.
300 _avi, 227 p. :
_bill. (some col.), maps ;
_ccm.
504 _aIncludes bibliographical references (p. 209-211) and index.
650 0 _aTiger beetles
_zCanada.
_914310
650 0 _aTiger beetles
_zUnited States.
_914311
700 1 _aKnisley, C. Barry.
_914312
700 1 _aKazilek, Charles J.
_914313
856 4 1 _3Table of contents only
_uhttp://www.loc.gov/catdir/toc/ecip0422/2004020220.html
856 4 2 _3Publisher description
_uhttp://www.loc.gov/catdir/enhancements/fy0637/2004020220-d.html
906 _a7
_bcbc
_corignew
_d1
_eecip
_f20
_gy-gencatlg
942 _2ddc
_cO_SHELF